000 00391cam a22001337a 4500
008 180718b1999 xxu||||| |||| 00| 0 eng d
082 _aA81x54 91/7DP
100 _aCensus of India 1991
245 _aGujarat state district profile 1991
260 _aDelhi
_bThe Controller of Publications
_c1999
300 _a179+p.
440 _aCensus of India 1991. Gujarat.
650 _aGujarat - Census
999 _c484208
_d484208